Boj o zákazníka sa vyostruje

Expanzia nákupných centier u nás. Nákupné centrá v menších mestách. Lákanie zákazníkov renomovanými značkami Architektonická tvorivosť vo sfére obchodu a služieb. Aktivita developerov na východe Slovenska.

Uložené v:
Podrobná bibliografia
Hlavný autor: Vojtková, Viera
Médium: Kapitola
Jazyk:Slovak
Predmet:
Tagy: Pridať tag
Žiadne tagy, Buďte prvý, kto otaguje tento záznam!

MARC

LEADER 00000naa$a2200000$$$4500
001 0069222
005 20231109065508.8
041 0 |a slo 
044 |a SK 
245 1 0 |a Boj o zákazníka sa vyostruje  |c Viera Vojtková 
520 |a Expanzia nákupných centier u nás. Nákupné centrá v menších mestách. Lákanie zákazníkov renomovanými značkami Architektonická tvorivosť vo sfére obchodu a služieb. Aktivita developerov na východe Slovenska. 
610 2 0 |a zákazníci 
610 2 0 |a centrá nákupné 
610 2 0 |a značky výrobkov 
610 2 0 |a architektúra 
100 1 |a Vojtková, Viera